Southville International School and Colleges
Your cart is empty.
  • Cart
  • Lists
    Public lists Eva Luna New books Lux_list list_1
    Your lists Log in to create your own lists
  • Log in to your account
  • Your cookies
  • Search history
Southville International School and Colleges
  • Advanced search
  • Recent comments
  • Most popular
  • Libraries

Log in to your account

Log in with GOOGLE


If you do not have an external account, but do have a local account, you can still log in:

  1. Home
  2. MARC view: Sacred word, broken word :
Normal view MARC view ISBD view

Sacred word, broken word : (Record no. 117763)

[ view plain ]
MARC details
000 -LEADER
fixed length control field 00580nam a2200181Ia 4500
003 - CONTROL NUMBER IDENTIFIER
control field PILC
005 - DATE AND TIME OF LATEST TRANSACTION
control field 20160218124820.0
008 - FIXED-LENGTH DATA ELEMENTS--GENERAL INFORMATION
fixed length control field 140529s9999 xx 000 0 und d
020 ## - INTERNATIONAL STANDARD BOOK NUMBER
International Standard Book Number 9780802867186
050 ## - LIBRARY OF CONGRESS CALL NUMBER
Classification number BS 476
Item number .Sp68 2012
100 ## - MAIN ENTRY--PERSONAL NAME
Personal name Sparks, Kenton L.
245 ## - TITLE STATEMENT
Title Sacred word, broken word :
Remainder of title biblical authority and the dark side of Scripture /
Statement of responsibility, etc Kenton L. Sparks.
260 ## - PUBLICATION, DISTRIBUTION, ETC. (IMPRINT)
Place of publication, distribution, etc Michigan :
Name of publisher, distributor, etc W.B. Eerdmans Pub. Co.,
Date of publication, distribution, etc 2012.
300 ## - PHYSICAL DESCRIPTION
Extent 180 pages ;
Dimensions 23 cm.
500 ## - GENERAL NOTE
General note Includes bibliographical references and index.
942 ## - ADDED ENTRY ELEMENTS (KOHA)
Call number prefix Foreign
Koha item type Books
Source of classification or shelving scheme Library of Congress Classification
Holdings
Withdrawn status Lost status Damaged status Home library Current library Shelving location Date acquired Cost, normal purchase price Total Checkouts Full call number Barcode Checked out Date last seen Date checked out Price effective from Koha item type
      College Library College Library Reserve Section 05/30/2014 1500.00 2 BS 476 .Sp68 2012 C16764 04/05/2023 03/29/2023 03/29/2023 05/30/2014 Books

Sacred word, broken word :

APA

Sparks K. L., . (2012). Sacred word, broken word. Michigan: W.B. Eerdmans Pub. Co.

Chicago

Sparks Kenton L, . 2012. Sacred word, broken word. Michigan: W.B. Eerdmans Pub. Co.

Harvard

Sparks K. L., . (2012). Sacred word, broken word. Michigan: W.B. Eerdmans Pub. Co.

MLA

Sparks Kenton L, . Sacred word, broken word. Michigan: W.B. Eerdmans Pub. Co. 2012.

  • Place hold
  • Print
  • Cite
  • Add to your cart (remove)
  • Save record
    BIBTEX Dublin Core MARCXML MARC (non-Unicode/MARC-8) MARC (Unicode/UTF-8) MARC (Unicode/UTF-8, Standard) MODS (XML) RIS
  • More searches
    Search for this title in:
    Other Libraries (WorldCat) Other Databases (Google Scholar) Online Stores (Bookfinder.com) Open Library (openlibrary.org)

Exporting to Dublin Core...

SOUTHVILLE LIBRARY

Southville International School and Colleges Library

1281 Tropical Ave. Cor. Luxembourg St., BF Homes International, Las Pinas City

Tel. No. 8256374 / 252358 Loc. 117/146

Powered by Koha